000 00456cam a2200181ua 4500
020 _c10.00
041 _ahin
_h
082 _a891.54
_bSAR/SW
100 _aRadhakrishnan, Sarvepalli .
245 _aSwathinata ka simhanad /
_csarvepalli Radhakrishnan.
_hTextual Documents
250 _a1 /
_b.
260 _aDelhi :
_bRajkamal Prakash ,
_c1963.
300 _a390 ; .
365 _a10.00
504 _a
942 _cBK
999 _c3812
_d3812